Professional ideals /

Bibliographic Details
Other Authors: Flores, Albert, 1946-
Format: Book
Language:English
Published: Belmont, Calif. : Wadsworth Pub. Co., [1988]
Subjects:

MARC

Tag First Indicator Second Indicator Subfields
LEADER 00000cam a2200000 a 4500
001 in00000007914
005 20151002070053.0
008 870805s1988 cau b 00000 eng
010 |a  87023104  
020 |z 0534086688 (pbk.) 
035 |a (OCoLC)17264218 
035 |9 AAA0257AM 
040 |a DLC  |c DLC  |d TXA  |d UtOrBLW 
050 0 0 |a BJ1725  |b .P75 1988 
082 0 |a 174  |2 19 
245 0 0 |a Professional ideals /  |c edited by Albert Flores. 
264 1 |a Belmont, Calif. :  |b Wadsworth Pub. Co.,  |c [1988] 
264 4 |c ©1988 
300 |a xi, 211 pages ;  |c 24 cm. 
336 |a text  |b txt  |2 rdacontent 
337 |a unmediated  |b n  |2 rdamedia 
338 |a volume  |b nc  |2 rdacarrier 
500 |a Includes bibliographies. 
536 |a From the Library of Manuel H. Davenport Superb Teacher and Military Ethicist, August 2001. 
650 0 |a Professional ethics. 
700 1 |a Flores, Albert,  |d 1946- 
999 |a MARS 
999 f f |s f601af5d-ca9a-3917-87ed-31949454b5fa  |i cc8ac0d3-084e-3209-98f1-292d96347b4e  |t 0 
952 f f |p ric  |a Texas A&M University  |b Rellis Campus  |c Joint Library Facility  |d Remote Storage  |t 0  |e BJ1725 .P75 1988  |h Library of Congress classification  |i unmediated -- volume  |m A14828076145 
998 f f |a BJ1725 .P75 1988  |t 0  |l Remote Storage